| 000 | 00360nab a22001097u 4500 | ||
|---|---|---|---|
| 008 | 130520b1984 xxu||||| |||| 00| 0 spa d | ||
| 041 | _aspa | ||
| 100 | 1 |
_aVan Der Ven, Johannes A. _99883 |
|
| 245 | 0 | 0 |
_aEl futuro de la Iglesia como problema intergeneracional _cJohannes A. Van Der Ven |
| 773 | 0 |
_tConcilium _gV.2,1984,págs.53-63 _x0210-1041 _wRev134 |
|
| 942 | _cAR | ||
| 999 |
_c355130 _d355130 |
||